[Event "Zudov Memorial 10th"]
[Site "Nizhnij Tagil"]
[Date "2014.09.19"]
[Round "9"]
[White "Solovjev, Nikolay1111"]
[Black "Romanov, Sergej"]
[Result "1-0"]
[WhiteElo "2311"]
[BlackElo "2125"]
[PlyCount "67"]
[EventDate "2014.09.11"]
[EventType "swiss"]
[EventRounds "9"]
[EventCountry "RUS"]
[SourceTitle "CBM 162 Extra"]
[Source "ChessBase"]
[SourceDate "2014.10.17"]
[SourceVersion "1"]
[SourceVersionDate "2014.10.17"]
[SourceQuality "1"]

1. d4 Nf6 2. c4 g6 3. Nc3 Bg7 4. e4 d6 5. Nf3 0-0 6. Be2 e5 7. 0-0 Nc6 8. d5 Ne7 9. a4 Nd7 10. Ne1 f5 11. Nd3 a5 12. f3 f4 13. b3 g5 14. Ba3 Nf6 15. c5 Rf7 16. Rc1 h5 17. Nb5 Ne8 18. Nxc7 Nxc7 19. cxd6 Nexd5 20. Nxe5 Bxe5 21. dxc7 Qf6 22. Qxd5 Be6 23. c8Q+ Rxc8 24. Rxc8+ Bxc8 25. Bc4 Kg7 26. Qxf7+ Qxf7 27. Bxf7 Kxf7 28. Rd1 Be6 29. b4 axb4 30. Bxb4 Bb3 31. Rd7+ Ke6 32. Re7+ Kf6 33. a5 b5 34. Rxe5 1-0

[Event "Zudov Memorial 10th"]
[Site "Nizhnij Tagil"]
[Date "2014.09.14"]
[Round "4"]
[White "Romanov, Sergej"]
[Black "Shomoev, Anton"]
[Result "0-1"]
[WhiteElo "2125"]
[BlackElo "2568"]
[PlyCount "88"]
[EventDate "2014.09.11"]
[EventType "swiss"]
[EventRounds "9"]
[EventCountry "RUS"]
[SourceTitle "CBM 162 Extra"]
[Source "ChessBase"]
[SourceDate "2014.10.17"]
[SourceVersion "1"]
[SourceVersionDate "2014.10.17"]
[SourceQuality "1"]

1. Nf3 Nf6 2. c4 b6 3. Nc3 Bb7 4. d4 e6 5. e3 d5 6. cxd5 exd5 7. Bd3 Bd6 8. 0-0 0-0 9. b3 a6 10. Bb2 Nbd7 11. Rc1 Qe7 12. Ne2 Ne4 13. Ng3 f5 14. Qc2 Rf7 15. Rfe1 g6 16. Nf1 g5 17. Qe2 g4 18. Bxe4 fxe4 19. Ne5 Nxe5 20. dxe5 Bxe5 21. Bxe5 Qxe5 22. Qxg4+ Kh8 23. Ng3 Raf8 24. Rf1 a5 25. Rc2 c5 26. Nh5 Ba6 27. Re1 Bd3 28. Rd2 c4 29. Nf4 c3 30. Rdd1 c2 31. Rc1 Rxf4 32. exf4 Qxf4 33. Qxf4 Rxf4 34. g3 Rf3 35. Kg2 d4 36. h3 h5 37. Rh1 Kg7 38. Rhe1 Kf6 39. Rh1 Ke5 40. Rhe1 b5 41. Rh1 b4 42. Rhe1 Kf6 43. Rh1 Kg5 44. h4+ Kg4 0-1

[Event "Zudov Memorial 10th"]
[Site "Nizhnij Tagil"]
[Date "2014.09.13"]
[Round "3"]
[White "Dashevskaya, Larisa"]
[Black "Romanov, Sergej"]
[Result "0-1"]
[WhiteElo "2030"]
[BlackElo "2125"]
[PlyCount "92"]
[EventDate "2014.09.11"]
[EventType "swiss"]
[EventRounds "9"]
[EventCountry "RUS"]
[SourceTitle "CBM 162 Extra"]
[Source "ChessBase"]
[SourceDate "2014.10.17"]
[SourceVersion "1"]
[SourceVersionDate "2014.10.17"]
[SourceQuality "1"]

1. d4 Nf6 2. Nf3 g6 3. g3 Bg7 4. Bg2 0-0 5. 0-0 d6 6. c4 Nc6 7. Nc3 Bf5 8. Nh4 Bd7 9. f4 Ng4 10. Nf3 Na5 11. h3 Nh6 12. Qd3 c5 13. d5 Nf5 14. Kh2 Rb8 15. e4 Nd4 16. Nxd4 Bxd4 17. f5 Bg7 18. Bd2 a6 19. fxg6 hxg6 20. Rf4 b5 21. Rh4 Nxc4 22. Bh6 Bxh6 23. Rxh6 Kg7 24. Rh4 Rh8 25. Rxh8 Qxh8 26. Ne2 Ne5 27. Qd1 Bxh3 28. Kg1 Bg4 29. Kf2 Qh5 30. Rc1 c4 31. Rc2 Nd3+ 32. Kf1 Rh8 33. Qd2 Bf3 34. Qc3+ Kg8 35. Ng1 Bxg2+ 36. Kxg2 Qh2+ 37. Kf1 Qxg3 38. Rg2 Rh2 39. Rxh2 Qxh2 40. Qd4 Qd2 41. Qb6 Qe1+ 42. Kg2 Qxe4+ 43. Nf3 Qg4+ 44. Kh2 Qxf3 45. Qd8+ Kg7 46. Qxe7 Nf4 0-1

[Event "Kemerovo-ch"]
[Site "Kemerovo"]
[Date "2014.04.30"]
[Round "9"]
[White "Romanov, Sergej"]
[Black "Pesniak, Nikolai"]
[Result "0-1"]
[WhiteElo "2191"]
[BlackElo "1996"]
[PlyCount "80"]
[EventDate "2014.04.02"]
[EventType "swiss"]
[EventRounds "9"]
[EventCountry "RUS"]
[SourceTitle "CBM 160 Extra"]
[Source "ChessBase"]
[SourceDate "2014.07.01"]
[SourceVersion "1"]
[SourceVersionDate "2014.07.01"]
[SourceQuality "1"]

1. d4 Nf6 2. e3 b6 3. c4 Bb7 4. Nf3 e6 5. Nc3 Bb4 6. a3 Bxc3+ 7. bxc3 Ne4 8. Qc2 0-0 9. Bd3 f5 10. a4 a5 11. Ba3 d6 12. h4 Nd7 13. Ke2 h6 14. Rag1 Ndf6 15. Nd2 Qe8 16. Rh3 Rd8 17. f3 Nxd2 18. Kxd2 Bc6 19. Qa2 Bxa4 20. c5 Kh8 21. cxb6 cxb6 22. Qc4 Rc8 23. Qa2 Qd7 24. Bxd6 Qxd6 25. Qxa4 Nd5 26. Rc1 Rc7 27. f4 Rfc8 28. c4 b5 29. Qxb5 Qa3 30. Rhh1 Nb4 31. c5 Qa2+ 32. Bc2 Ra8 33. Qa4 Qd5 34. Bb3 Qxg2+ 35. Kc3 Qe4 36. Rce1 Qd3+ 37. Kb2 Rb7 38. Kc1 Qc3+ 39. Kd1 Nd3 40. Bc2 Nb2+ 0-1

[Event "Kemerovo-ch"]
[Site "Kemerovo"]
[Date "2014.04.16"]
[Round "5"]
[White "Romanov, Sergej"]
[Black "Ganichev, Boris"]
[Result "1-0"]
[WhiteElo "2191"]
[BlackElo "2032"]
[PlyCount "133"]
[EventDate "2014.04.02"]
[EventType "swiss"]
[EventRounds "9"]
[EventCountry "RUS"]
[SourceTitle "CBM 160 Extra"]
[Source "ChessBase"]
[SourceDate "2014.07.01"]
[SourceVersion "1"]
[SourceVersionDate "2014.07.01"]
[SourceQuality "1"]

1. d4 d5 2. c4 e6 3. Nc3 Nf6 4. Bg5 Be7 5. e3 h6 6. Bh4 c6 7. Nf3 Nbd7 8. h3 Qa5 9. Qc2 Bb4 10. Nd2 Ne4 11. Ndxe4 dxe4 12. Be2 0-0 13. 0-0 f5 14. a3 Bxc3 15. bxc3 Nf6 16. Rfb1 Qc7 17. Bg3 Qf7 18. Bd6 Rd8 19. c5 Qg6 20. c4 Kh8 21. Qd1 Rd7 22. Ra2 Qf7 23. Rd2 Kh7 24. a4 h5 25. Be5 h4 26. Qc2 g5 27. f3 exf3 28. Bxf3 Kh6 29. Rf1 Qg6 30. Rdf2 Rf7 31. e4 Bd7 32. d5 f4 33. Rb1 Be8 34. d6 Nd7 35. Bd4 e5 36. Bb2 Nxc5 37. Bxe5 b6 38. Rd2 Bd7 39. Bb2 g4 40. hxg4 Bxg4 41. e5 Bf5 42. Qd1 Bxb1 43. d7 Rxd7 44. Rxd7 Nxd7 45. Qxd7 Bf5 46. Qe7 Qg5 47. Qd6+ Bg6 48. e6 Rd8 49. Qc7 Rg8 50. Be5 Bf5 51. Bxf4 Bxe6 52. Bxg5+ Rxg5 53. Qf4 h3 54. Qf8+ Kg6 55. Be4+ Bf5 56. Bxf5+ Rxf5 57. Qe8+ Kg5 58. gxh3 Rc5 59. Qe6 Kf4 60. Kf2 a5 61. Qe3+ Kf5 62. Qd4 Ke6 63. h4 Rf5+ 64. Kg3 Rc5 65. Kg4 Re5 66. h5 c5 67. Qf4 1-0

[Event "Kemerovo-ch"]
[Site "Kemerovo"]
[Date "2014.04.09"]
[Round "3"]
[White "Emeljashin, Yury"]
[Black "Romanov, Sergej"]
[Result "0-1"]
[WhiteElo "2051"]
[BlackElo "2191"]
[PlyCount "64"]
[EventDate "2014.04.02"]
[EventType "swiss"]
[EventRounds "9"]
[EventCountry "RUS"]
[SourceTitle "CBM 160 Extra"]
[Source "ChessBase"]
[SourceDate "2014.07.01"]
[SourceVersion "1"]
[SourceVersionDate "2014.07.01"]
[SourceQuality "1"]

1. d4 Nf6 2. c4 c6 3. Nf3 g6 4. Nc3 Bg7 5. e4 d6 6. h3 0-0 7. Be3 Qb6 8. Qd2 Nbd7 9. 0-0-0 c5 10. e5 Ne8 11. Nd5 Qd8 12. dxc5 Nxe5 13. cxd6 exd6 14. Bg5 Nxf3 15. gxf3 f6 16. Bh6 Bf5 17. Bxg7 Kxg7 18. Ne3 Qd7 19. Bd3 Be6 20. Ng4 f5 21. Qh6+ Kg8 22. Ne3 Rc8 23. Kb1 Rc5 24. h4 Qg7 25. Qf4 a5 26. Rhe1 Kh8 27. Nc2 Bf7 28. b3 Re5 29. Nd4 Nc7 30. Nc2 Rfe8 31. Qd2 Qf6 32. Qxa5 Rxa5 0-1

[Event "Urals-ch 72nd"]
[Site "Tiumen"]
[Date "2014.03.21"]
[Round "2"]
[White "Romanov, Sergej"]
[Black "Kabanov, Nikolai"]
[Result "0-1"]
[WhiteElo "2191"]
[BlackElo "2514"]
[PlyCount "74"]
[EventDate "2014.03.20"]
[EventType "swiss"]
[EventRounds "9"]
[EventCountry "RUS"]
[SourceTitle "CBM 159 Extra"]
[Source "ChessBase"]
[SourceDate "2014.04.24"]
[SourceVersion "1"]
[SourceVersionDate "2014.04.24"]
[SourceQuality "1"]

1. Nf3 Nf6 2. c4 d6 3. Nc3 Bg4 4. d4 Nbd7 5. e3 e5 6. h3 Bh5 7. g4 Bg6 8. Nh4 c6 9. Bg2 Ne4 10. Nxg6 Nxc3 11. bxc3 hxg6 12. Rb1 Rb8 13. Qa4 a6 14. Qb3 Be7 15. a4 0-0 16. 0-0 Qc7 17. Ba3 c5 18. Rfd1 b6 19. Bd5 Bh4 20. Rb2 Kh8 21. Rdd2 f5 22. Qd1 Nf6 23. dxe5 dxe5 24. Bg2 e4 25. Rd6 fxg4 26. Rxf6 Rxf6 27. Qxg4 g5 28. Bxe4 Rbf8 29. Rd2 a5 30. Bb2 Qf7 31. Bd5 Qe8 32. e4 Rf4 33. Qd1 Bxf2+ 34. Kg2 Be3 35. Re2 Rf2+ 36. Rxf2 Rxf2+ 37. Kh1 Rxb2 0-1